000 00773nam a2200241Ia 4500
003 OSt
005 20220925223957.0
006 a|||||r|||| 00| 0
007 ta
008 220923b |||||||| |||| 00| 0 eng d
020 _a9781138960695
_c2457.08
037 _b110919, 24/08/2017, International Book Distrobutors
_cGeneral Book
040 _aRTL
_cRTL
_beng
041 _2eng
_aeng
082 _aX:(G:55), Q7
100 _aMANAGI Shunsuke
245 0 _aEnvironmental economics
260 _aLondon
_bRoutledge
_c2017
300 _axiii,232p.
_ccm.
700 _a KURIYAMA Koichi
_9290650
942 _hX:(G:55), Q7
_cGB
_2CC
999 _c580757
_d580757